000 01191nam a2200301Ia 4500
001 ebr10419298
003 CaPaEBR
006 m u
007 cr cn|||||||||
008 100604s2010 inua s 000 0 eng d
020 _z9780470908143
040 _aCaPaEBR
_cCaPaEBR
035 _a(OCoLC)670291663
050 1 4 _aQA76.9.V5
_bW56 2010eb
082 0 4 _a005.4/3
_222
100 1 _aWindom, Charles A.,
_d1961-
245 1 0 _aVirtualizing Microsoft Tier 1 applications with VMware Vsphere 4
_h[electronic resource] /
_cCharles A. Windom Sr., Hemant Gaidhani, Alex Fontana.
260 _aIndianapolis, IN :
_bWiley Publishing,
_c2010.
300 _axxi, 506 p. :
_bill.
533 _aElectronic reproduction.
_bPalo Alto, Calif. :
_cebrary,
_d2011.
_nAvailable via World Wide Web.
_nAccess may be limited to ebrary affiliated libraries.
630 0 0 _aVMware vSphere.
650 0 _aVirtual computer systems.
655 7 _aElectronic books.
_2local
700 1 _aGaidhani, Hemant,
_d1970-
700 1 _aFontana, Alex.
710 2 _aebrary, Inc.
856 4 0 _uhttp://site.ebrary.com/lib/rucke/Doc?id=10419298
_zAn electronic book accessible through the World Wide Web; click to view
999 _c83869
_d83869